00430 2200157 4500001002100000008004100021035002000062245008400082100001900166250000600185260003300191084001400224082000800238650001400246990001200260INLIS000000000001480 ind  a0010-1124000003 aTrigonometri: Kumpulan Soal, Jawaban dan Pembahasan Untuk SMA/MAcTedy Setiawan aSetiawan, Tedy a1 aBandung :bIrama Widyac2009 a510 TED t a510 aNon Fiksi a0715308